| 000 | 01145cam a2200313 a 4500 | ||
|---|---|---|---|
| 001 | 2548864 | ||
| 003 | OSt | ||
| 005 | 20160413160345.0 | ||
| 008 | 940426s1994 enka b 000 0 eng c | ||
| 010 | _a 94151011 | ||
| 020 | _a0521454395 | ||
| 040 |
_aDLC/CU _cCU _dDLC |
||
| 042 | _alcnccp | ||
| 050 | 0 | 0 |
_aHB71 _b.V47 1994 |
| 082 |
_a336 _bVIC 1994 |
||
| 100 | 1 |
_aVickrey, William S. _q(William Spencer), _d1914- _97832 |
|
| 245 | 1 | 0 |
_aPublic economics : _bselected papers by William Vickrey / _cedited by Richard Arnott ... [et al.]. |
| 260 |
_aCambridge : _bCambridge University Press, _c1994. |
||
| 300 |
_a558 p. : _bill. ; _c26 cm. |
||
| 504 | _a"Bibliography of William Vickrey": p. 530-558. | ||
| 650 | 0 |
_aEconomics. _9975 |
|
| 650 | 0 |
_aFinance. _95401 |
|
| 700 | 1 |
_aArnott, Richard. _97833 |
|
| 856 | 4 | 2 |
_3Publisher description _uhttp://www.loc.gov/catdir/description/cam026/94151011.html |
| 856 | 4 | 1 |
_3Table of contents _uhttp://www.loc.gov/catdir/toc/cam021/94151011.html |
| 906 |
_a7 _bcbc _cnccpada _d2 _encip _f19 _gy-gencatlg |
||
| 942 |
_2ddc _cSLOAN |
||
| 999 |
_c3507 _d3507 |
||